| 000 | 01106nam a22001937a 4500 | ||
|---|---|---|---|
| 999 |
_c62434 _d62434 |
||
| 003 | Ge_BSU | ||
| 005 | 20241031161251.0 | ||
| 008 | 241031s2023 ge ||||| |||| 00| 0 geo d | ||
| 020 | _a9789941356445 | ||
| 041 | _ageo | ||
| 080 | _a821.353.1 : 821.353.1-32 ო-93 | ||
| 245 |
_aXXI საუკუნის ქართული მოთხრობა : _b"ლიტერატურული პალიტრის" ავტორები : [3 ტომად]. ტომი 2 / _cშემდგენელი და რედაქტორი ბესო ხვედელიძე ; დიზაინერი თამარ ჯანთიშვილი. |
||
| 264 |
_aთბილისი : _bპალიტრა L, _c 2023. |
||
| 300 |
_a416 გვ. ; _b25 სმ. |
||
| 653 | _aქართული პროზა | ||
| 700 |
_aხვედელიძე, ბესო _eშემდგენელი და რედაქტორი _923576 |
||
| 700 |
_aჯანთიშვილი, თამარ _eდიზაინერი _923577 |
||
| 942 |
_2udc _cᲬᲘᲒᲜᲘ |
||